[Event "GER Pfingstopen U12"]
[Site "Playchess.com INT"]
[Date "2020.06.02"]
[Round "1"]
[White "Wilmink, Anna"]
[Black "Kuran, Olivia"]
[Result "1-0"]
[WhiteElo "1559"]
[BlackElo "1620"]
[PlyCount "93"]
[EventDate "2020.06.02"]
[EventType "swiss (blitz)"]
[EventRounds "11"]
[EventCountry "GER"]
[SourceTitle "CBM 197 Extra"]
[Source "ChessBase"]
[SourceDate "2020.09.30"]
[SourceVersion "1"]
[SourceVersionDate "2020.09.30"]
[SourceQuality "1"]

1. e4 e5 2. Nf3 Nc6 3. d4 exd4 4. Nxd4 Nf6 5. Nc3 Bc5 6. Be3 0-0 7. Nxc6 dxc6 8. Bxc5 Qxd1+ 9. Rxd1 Bg4 10. f3 Be6 11. Bxf8 Kxf8 12. Be2 Bxa2 13. Nxa2 Re8 14. 0-0 g6 15. Rd2 c5 16. Rfd1 b6 17. Nc3 a5 18. Nd5 Nxd5 19. Rxd5 Ke7 20. Bb5 Rg8 21. Rd7+ Kf6 22. Rxc7 Rb8 23. Rdd7 Ke6 24. Rxf7 h5 25. Rfe7+ Kf6 26. Red7 Kg5 27. Rb7 Rc8 28. Rxb6 c4 29. Rd5+ Kh6 30. Rdd6 Rg8 31. Bxc4 Rg7 32. Ra6 a4 33. Rxa4 Rb7 34. b3 Re7 35. Raa6 Rg7 36. Bd3 Rg8 37. e5 Kg5 38. Rxg6+ Rxg6 39. Rxg6+ Kh4 40. Rf6 Kg5 41. Rf5+ Kh4 42. Rf8 Kg5 43. e6 Kh4 44. e7 Kg5 45. e8Q Kh4 46. g3+ Kh3 47. Bf5# 1-0